LEADER 01882nam 2200433 450 001 000018273 005 20120719115150.0 010 $a88-420-3256-5$b2. ed. 100 $a20050405d--------km-y0itay0103----ba 101 0 $aita 102 $aIT 200 1 $a<> biblioteche nel mondo antico e medievale$fa cura di Guglielmo Cavallo 210 $aRoma ; Bari$cLaterza 215 $aXXXI, 206 p.$d21 cm 225 2 $aBiblioteca universale Laterza$v250 410 0$12001$aBiblioteca universale Laterza$v250 606 $aBiblioteche$xAntichità$zSec. 15. 676 $a027.009$v(21. ed.)$9Biblioteche, archivi, centri d'informazione generali. Storia e persone 702 1$aCavallo,$bGuglielmo 801 0$aIT$bUniversità della Basilicata - B.I.A.$gRICA$2unimarc 912 $a000018273 996 $aBiblioteche nel mondo antico e medievale$984174 997 $aUNIBAS BAS $aLETTERE CAT $aSTD038$b01$c20050405$lBAS01$h1240 CAT $c20050601$lBAS01$h1756 CAT $abatch$b01$c20050718$lBAS01$h1053 CAT $c20050718$lBAS01$h1112 CAT $c20050718$lBAS01$h1143 CAT $c20050718$lBAS01$h1157 CAT $aATR$b20$c20070119$lBAS01$h0232 CAT $aBATCH$b00$c20070503$lBAS01$h1730 CAT $aTTM$b30$c20120120$lBAS01$h1047 CAT $aTTM$b30$c20120719$lBAS01$h1149 CAT $aTTM$b30$c20120719$lBAS01$h1151 FMT Z30 -1$lBAS01$LBAS01$mBOOK$1BASA1$APolo Storico-Umanistico$2DSLA$BCollezione DiSSLA$3DD/521$6521$5D521$820111221$f04$FPrestabile Didattica$h2. ed. - 1989 Z30 -1$lBAS01$LBAS01$mBOOK$1BASA1$APolo Storico-Umanistico$2DSLA$BCollezione DiSSLA$3DD/831$6831$5D831$820120125$f04$FPrestabile Didattica$h2. ed. - 1989 Z30 -1$lBAS01$LBAS01$mBOOK$1BASA1$APolo Storico-Umanistico$2GEN$BCollezione generale$3FP/100801$6100801$5L100801$820050405$f02$FPrestabile Generale$h6. ed. - 2002 LEADER 01101nam a22002771i 4500 001 991003395199707536 005 20040406192645.0 008 040802s1981 it |||||||||||||||||ita 035 $ab13068702-39ule_inst 035 $aARCHE-102131$9ExL 040 $aBiblioteca Interfacoltà$bita$cA.t.i. Arché s.c.r.l. Pandora Sicilia s.r.l. 082 04$a852.9 100 1 $aDe Roberto, Federico$0152225 245 10$aTeatro /$cFederico De Roberto ; introduzione di Natale Tedesco ; premesse e note ai testi di Vincenzo Licata 260 $aMilano :$bA. Mondadori,$cc1981 300 $a265 p. ;$c18 cm 440 0$aOscar.$pPoesia e teatro 500 $aContiene: Il rosario, Il cane della favola, La strada maestra, La tormenta 700 1 $aLicata, Vincenzo 700 1 $aTedesco, Natale 907 $a.b13068702$b02-04-14$c05-08-04 912 $a991003395199707536 945 $aLE002 Fondo Giudici D 1219$g1$i2002000200082$lle002$nC. 1$o-$pE0.00$q-$rn$so $t0$u0$v0$w0$x0$y.i13695861$z05-08-04 996 $aTeatro$9291626 997 $aUNISALENTO 998 $ale002$b05-08-04$cm$da $e-$fita$git $h0$i1